000 00331 a2200157 4500
001 195129
020 _a978-85-418-1842-1
040 _cMagnum
100 _aAssis, Machado de
240 1 0 _aMachado de Assis
_lpor
245 1 0 _aMachado de Assis
300 _a185
362 0 _a2017
697 _aLITERATURA GERAL
942 _cBK
999 _c195129
_d195129